Nursing diagnosis : (Record no. 689)
[ view plain ]
| 000 -LEADER | |
|---|---|
| fixed length control field | 00964cam a22001934a 4500 |
| 020 ## - INTERNATIONAL STANDARD BOOK NUMBER | |
| ISBN | 078176131X (pbk. : alk. paper) |
| 050 00 - CALL NUMBER | |
| Classification number | RT48.6 |
| Item number | .N93 |
| 100 ## - AUTHOR | |
| Personal name | Juall,Lynda |
| 245 00 - TITLE | |
| Title | Nursing diagnosis : |
| Remainder of title | application to clinical practice / |
| Statement of responsibility, etc | [edited by] Lynda Juall Carpenito-Moyet. |
| 250 ## - EDITION | |
| Edition statement | 11th ed. |
| 260 ## - PUBLICATION INFORMATION | |
| Place of publication | Philadelphia : |
| Name of publisher | Lippincott Williams & Wilkins, |
| Year of publication | c2006. |
| 300 ## - DESCRIPTION | |
| Number of Pages | xviii, 1002 p. ; |
| Dimensions | 28 cm. |
| 505 0# - FORMATTED CONTENTS NOTE | |
| Table of Content | Development of Nursing Diagnosis -- Types and Components of Nursing Diagnoses -- Nursing Diagnosis: What It Is, What It Is Not -- Nursing Diagnoses: Assessment and Diagnosis -- Planning Care With Nursing Diagnosis -- Ten Steps to Putting It All Together -- Nursing Diagnoses: Issues and Controversies -- Manual of Nursing Diagnoses -- Manual of Collaborative Problems. |
| 650 #0 - SUBJECTS | |
| Topical Term | Nursing diagnosis. |
| 650 12 - SUBJECTS | |
| Topical Term | Nursing Diagnosis |
| 650 22 - SUBJECTS | |
| Topical Term | Patient Care Planning |
| 700 1# - OTHER AUTHORS | |
| Personal name | Carpenito-Moyet, Lynda Juall. |
| 942 ## - ADDED ENTRY ELEMENTS (KOHA) | |
| Koha item type | Books |
| Withdrawn status | Lost status | Home library | Current library | Shelving location | Date acquired | Full call number | Accession Number | Copy number | Koha item type |
|---|---|---|---|---|---|---|---|---|---|
| Methodist University Library Wenchi Nursing | Methodist University Library Wenchi Nursing | General Stacks | 03/11/2017 | RT48.6 .N93 | 3148 | 1 | Books | ||
| Methodist University Library Wenchi Nursing | Methodist University Library Wenchi Nursing | General Stacks | 03/11/2017 | RT48.6 .N93 | 2641 | 2 | Books | ||
| Methodist University Library Wenchi Nursing | Methodist University Library Wenchi Nursing | General Stacks | 03/11/2017 | RT48.6 .N93 | 3145 | 3 | Books | ||
| Methodist University Library Wenchi Nursing | Methodist University Library Wenchi Nursing | General Stacks | 03/11/2017 | RT48.6 .N93 | 3147 | 4 | Books | ||
| Methodist University Library Wenchi Nursing | Methodist University Library Wenchi Nursing | General Stacks | 03/11/2017 | RT48.6 .N93 | 2638 | 5 | Books | ||
| Methodist University Library Wenchi Nursing | Methodist University Library Wenchi Nursing | General Stacks | 03/11/2017 | RT48.6 .N93 | 2639 | 6 | Books | ||
| Methodist University Library Wenchi Nursing | Methodist University Library Wenchi Nursing | General Stacks | 03/11/2017 | RT48.6 .N93 | 2640 | 7 | Books | ||
| Methodist University Library Wenchi Nursing | Methodist University Library Wenchi Nursing | General Stacks | 03/11/2017 | RT48.6 .N93 | 37117 | 8 | Books | ||
| Methodist University Library Wenchi Nursing | Methodist University Library Wenchi Nursing | General Stacks | 03/11/2017 | RT48.6 .N93 | 3146 | 9 | Books | ||
| Methodist University Library Wenchi Nursing | Methodist University Library Wenchi Nursing | General Stacks | 03/11/2017 | RT48.6 .N93 | 3150 | 10 | Books | ||
| Methodist University Library Wenchi Nursing | Methodist University Library Wenchi Nursing | General Stacks | 03/11/2017 | RT48.6 .N93 | 3149 | 11 | Books |